Statistiche per Date da ricordare a.C. (parte 2)

Clicka qui per fare il quiz!

Statistiche generali

  • Questo quiz è stato fatto 21 volte
    (15 dall'ultimo reset)
  • Il punteggio medio è 9 su 20

Statistiche sulle risposte

EVENTODATA% Corretto
Morte di Giulio Cesare44
100%
Morte di Alessandro Magno323
69%
Inizio della Repubblica Romana509
69%
Battaglia delle Termopili e di Salamina480
62%
Battaglia di Maratona tra Greci e Persiani490
62%
Distruzione totale di Cartagine e conquista romana della Grecia146
54%
Fine Guerra del Peloponneso404
54%
Battaglia di Platea479
54%
Viene rovesciata la tirannide ad Atene510
54%
Battaglia di Zama202
46%
Inizio della Prima Guerra Punica264
46%
Battaglia del Trasimeno217
38%
Assedio cartaginese di Sagunto218
38%
Fine della sopracitata241
38%
Nuova costituzione ad Atene di Clistene arconte508
38%
Solone arconte ad Atene (legge costituzionale)594
31%
Battaglia di Qadesh1274
23%
Nascita di Buddha564/565
23%
Prime antiche olimpiadi776
15%
Fondazione fenicia di Cartagine814
8%

Distribuzione punteggi

Percentile per numero di risposta

Percentuale di utenti per punteggio

I tuoi punteggi nel tempo

Non hai fatto questo quiz dall'ultimo reset